Analytic and Algebraic Geometry

This volume is an outcome of the International conference held in Tata Institute of Fundamental Research and the University of Hyderabad. There are fifteen articles in this volume. The main purpose of the articles is to introduce recent and advanced techniques in the area of analytic and algebraic g...

Full description

Corporate Author: SpringerLink (Online service)
Other Authors: Aryasomayajula, Anilatmaja. (Editor, http://id.loc.gov/vocabulary/relators/edt), Biswas, Indranil. (Editor, http://id.loc.gov/vocabulary/relators/edt), Morye, Archana S. (Editor, http://id.loc.gov/vocabulary/relators/edt), Parameswaran, A. J. (Editor, http://id.loc.gov/vocabulary/relators/edt)
Language:English
Published: Singapore : Springer Singapore : Imprint: Springer, 2017.
Edition:1st ed. 2017.
Subjects:
Online Access:https://doi.org/10.1007/978-981-10-5648-2
LEADER 03960nam a22005535i 4500
001 978-981-10-5648-2
003 DE-He213
005 20210619024001.0
007 cr nn 008mamaa
008 170908s2017 si | s |||| 0|eng d
020 |a 9789811056482  |9 978-981-10-5648-2 
024 7 |a 10.1007/978-981-10-5648-2  |2 doi 
050 4 |a QA564-609 
072 7 |a PBMW  |2 bicssc 
072 7 |a MAT012010  |2 bisacsh 
072 7 |a PBMW  |2 thema 
082 0 4 |a 516.35  |2 23 
245 1 0 |a Analytic and Algebraic Geometry   |h [electronic resource] /  |c edited by Anilatmaja Aryasomayajula, Indranil Biswas, Archana S. Morye, A. J. Parameswaran. 
250 |a 1st ed. 2017. 
264 1 |a Singapore :  |b Springer Singapore :  |b Imprint: Springer,  |c 2017. 
300 |a IX, 292 p. 3 illus.  |b online resource. 
336 |a text  |b txt  |2 rdacontent 
337 |a computer  |b c  |2 rdamedia 
338 |a online resource  |b cr  |2 rdacarrier 
347 |a text file  |b PDF  |2 rda 
505 0 |a Chapter 1. On the Bumpy Fundamental Group Scheme -- Chapter 2. Heat Kernels, Bergman Kernels, and Cusp Forms -- Chapter 3. On a Conjecture of Butler -- Chapter 4. A Survey of Low Dimensional (Quasi) Projective Groups -- Chapter 5. Parabolic Sheaves and Logarithmic Geometry -- Chapter 6. A Survey of Ulrich Bundles -- Chapter 7. Noether-Lefschetz Locus and a Special Case of the Variational Hodge Conjecture: Using Elementary Techniques -- Chapter 8. Tangent Bundle of P2 and Morphism from P2 to Gr(2;C4) -- Chapter 9. Twisting by a Torsor -- Chapter 10. Hitchin Hamiltonians in Genus 2 -- Chapter 11. Smoothness of Moduli Space of Stable Torsion-free Sheaves with Fixed Determinant in Mixed Characteristic -- Chapter 12. Group Compactications and Moduli Spaces -- Chapter 13. The Serre-Swan Theorem for Ringed Spaces -- Chapter 14. An Extension Theorem for Hermitian Line Bundles -- Chapter 15. Elliptic Fibrations on Supersingular K3 Surface with Artin Invariant 1 in Characteristic 3. 
520 |a This volume is an outcome of the International conference held in Tata Institute of Fundamental Research and the University of Hyderabad. There are fifteen articles in this volume. The main purpose of the articles is to introduce recent and advanced techniques in the area of analytic and algebraic geometry. This volume attempts to give recent developments in the area to target mainly young researchers who are new to this area. Also, some research articles have been added to give examples of how to use these techniques to prove new results. 
650 0 |a Algebraic geometry. 
650 0 |a Commutative algebra. 
650 0 |a Commutative rings. 
650 0 |a Associative rings. 
650 0 |a Rings (Algebra). 
650 0 |a Functions of complex variables. 
650 1 4 |a Algebraic Geometry.  |0 https://scigraph.springernature.com/ontologies/product-market-codes/M11019 
650 2 4 |a Commutative Rings and Algebras.  |0 https://scigraph.springernature.com/ontologies/product-market-codes/M11043 
650 2 4 |a Associative Rings and Algebras.  |0 https://scigraph.springernature.com/ontologies/product-market-codes/M11027 
650 2 4 |a Several Complex Variables and Analytic Spaces.  |0 https://scigraph.springernature.com/ontologies/product-market-codes/M12198 
700 1 |a Aryasomayajula, Anilatmaja.  |e editor.  |4 edt  |4 http://id.loc.gov/vocabulary/relators/edt 
700 1 |a Biswas, Indranil.  |e editor.  |4 edt  |4 http://id.loc.gov/vocabulary/relators/edt 
700 1 |a Morye, Archana S.  |e editor.  |4 edt  |4 http://id.loc.gov/vocabulary/relators/edt 
700 1 |a Parameswaran, A. J.  |e editor.  |4 edt  |4 http://id.loc.gov/vocabulary/relators/edt 
710 2 |a SpringerLink (Online service) 
773 0 |t Springer Nature eBook 
776 0 8 |i Printed edition:  |z 9789811056499 
856 4 0 |u https://doi.org/10.1007/978-981-10-5648-2 
912 |a ZDB-2-SMA 
912 |a ZDB-2-SXMS 
950 |a Mathematics and Statistics (SpringerNature-11649) 
950 |a Mathematics and Statistics (R0) (SpringerNature-43713)